02592nam a2200277 a 4500001001000000003000500010005001700015007001500032008004100047035001100088040000900099100003600108245017100144264004100315300006000356336002700416337002900443338003800472502003200510520158700542650003602129650002702165650003102192700003802223856005302261000103092CHAP20251203144420.0cr ||||||a|c|a101025s2010 mx r 00010 spa d a111213 cCHAP1 aGarcía Hernández, Antonino.10aIdentificación de orquídeas nativas del municipio de Santa María Zaniza, Sola de Vega, Oaxacac/por Antonino García Hernández; director Isaias Gil Vázquez 1aChapingo, Méx. :bEl autor,c2010. a1 recurso en línea (140 páginas):bCuadros, figuras 2rdacontentatextobtxt 2rdamediaacomputadorabc 2rdacarrierarecursos en lineabcr bIAEFcFitotecniad2010gLIC aMéxico es un país con gran diversidad y endemismo de orquídeas, sin embargo, aún existen zonas de nuestro país que faltan por estudiarse. El municipio de Santa María Zaniza, Oaxaca. Está en un área con gran diversidad de orquídeas, incluye especie de climas templados y tropicales esto debido al contraste de altitud y el efecto sotavento- barlovento lo que favorece varios microclimas. Así, los objetivos de este trabajo fueron enlistar y enumerar las orquídeas del municipio de Santa María Zaniza, y elaborar un catálogo con las imágenes de las orquídeas tomando en cuenta los aspectos de distribución y ecología y ubicar un orquidario ubicada en la comunidad de Santa María Zaniza, Oax. La metodología utilizada en el presente trabajo se enfocó en la identificación de especies que existen en este Municipio de Santa María Zaniza, del estado de Oaxaca, con base en comparación visual de libros especializados en el tema, así como el apoyo de páginas web y comparación con plantas del orquidario de preparatoria agrícola de la UACh. Para casos especiales se utilizaron plantas deshidratadas que se obtuvieron a través de recorridos de campos mensuales, la descripción botánica y ecológica de cada especie que incluyo en una ficha individual por cada planta. Los resultados obtenidos indicaron que existen 88 especies de orquídeas en la zona de estudio, de las cuales 82 se identificaron a nivel de especie y 6 a nivel de género. Asimismo, se estableció un orquidario dentro del municipio en su hábitat natural.04aOrquidáceasxClasificación.04aOrquidáceasxOaxaca.04aOrquidáceasxVariedades.0 aGil Vázquez, IsaíaseDirector uhttp://10.13.5.2/tesis/111213.pdfzDESCARGAR PDF